000 00584nam a2200193Ia 4500
003 GCL
008 140319s9999 xx 000 0 ara d
040 _aGCL /
_cGCL
082 0 4 _a382.43
_bع ا
100 1 _aعبدالهادى يحوت
245 1 0 _aاهمية التصنيع لعملية التنمية العربية /
_cعبدالهادى يحوت
260 _a[S.N] :
_bمعهد الانتماء العربى ،
_c1984
300 _a122 ص
490 _a
650 0 4 _aالوطن العربى
650 0 4 _aالتصنيع
650 0 4 _aالتنمية
942 _2ddc
_cBK
999 _c43286
_d43286